[Event "zonal 1.6"]
[Site "Samara RUS"]
[Date "2000.06.24"]
[Round "8"]
[White "Smikovsky, Ivan"]
[Black "Scherbakov, Ruslan"]
[Result "1/2-1/2"]
[WhiteElo "2492"]
[BlackElo "2552"]
[EventDate "2000.06.03"]
[PlyCount "100"]

1.e4 c5 2.Nf3 Nc6 3.d4 cxd4 4.Nxd4 Nf6 5.Nc3 d6 6.Bg5 e6 7.Qd2 Be7 8.O-O-O
O-O 9.f4 Nxd4 10.Qxd4 Qa5 11.Bc4 Bd7 12.Rd3 Rad8 13.Rg3 Kh8 14.e5 dxe5 15.
fxe5 Bc6 16.Qe3 Ng8 17.h4 b5 18.Bd3 b4 19.Bxe7 Nxe7 20.Qg5 Ng6 21.h5 Qxe5 
22.hxg6 Qxg5+ 23.Rxg5 bxc3 24.Rxh7+ Kg8 25.bxc3 Rd5 26.Rg4 fxg6 27.Rh1 Re5
28.Bxg6 Rf6 29.Bh7+ Kf8 30.Bd3 Rh6 31.Rxh6 gxh6 32.Rg6 h5 33.g3 Be8 34.
Rf6+ Kg7 35.Rf4 Re3 36.Re4 Rxg3 37.Rxe6 Bg6 38.Bxg6 Rxg6 39.Rxg6+ Kxg6 40.
Kd2 Kf5 41.Ke3 Kg5 42.c4 a5 43.c5 Kf5 44.c6 Ke6 45.Kf4 Kd6 46.Kg5 Kxc6 47.
Kxh5 Kc5 48.Kg4 Kb4 49.Kf3 Kc3 50.Ke2 Kxc2 1/2-1/2

[Event "zonal 1.6"]
[Site "Samara RUS"]
[Date "2000.06.24"]
[Round "8"]
[White "Lugovoi, Alexei"]
[Black "Lastin, Alexander"]
[Result "1/2-1/2"]
[WhiteElo "2515"]
[BlackElo "2510"]
[EventDate "2000.06.03"]
[PlyCount "50"]

1.d4 d5 2.c4 c6 3.Nf3 Nf6 4.Nc3 dxc4 5.a4 Bf5 6.e3 e6 7.Bxc4 Bb4 8.O-O O-O
9.Qe2 Nbd7 10.e4 Bg6 11.Bd3 h6 12.Rd1 Re8 13.e5 Bxd3 14.Rxd3 Nd5 15.Ne4 
Nf8 16.h4 Be7 17.h5 Nb4 18.Rd1 Qd5 19.Nh2 Nh7 20.Ng4 Kh8 21.Bf4 Rad8 22.
Ra3 Rf8 23.Rg3 Bh4 24.Rh3 Be7 25.Rg3 Bh4 1/2-1/2

[Event "zonal 1.6"]
[Site "Samara RUS"]
[Date "2000.06.24"]
[Round "8"]
[White "Naer, Evgeny"]
[Black "Tunik, Gennady"]
[Result "1-0"]
[WhiteElo "2572"]
[BlackElo "2442"]
[EventDate "2000.06.03"]
[PlyCount "95"]

1.e4 c5 2.Nf3 e6 3.d4 cxd4 4.Nxd4 Nc6 5.Nc3 Qc7 6.Be3 a6 7.Qd2 Nf6 8.f3 d5
9.exd5 Nxd5 10.Nxd5 exd5 11.O-O-O Be7 12.Kb1 O-O 13.h4 Bf6 14.g4 Re8 15.
Bf2 Bd7 16.c3 Be5 17.Be3 Nxd4 18.Bxd4 Bf4 19.Qc2 Bb5 20.Bxb5 axb5 21.Rhe1 
Re6 22.Rxe6 fxe6 23.Qe2 Qc6 24.Be5 Rf8 25.Bxf4 Rxf4 26.Re1 Kf7 27.h5 Rf6 
28.Qe3 Qd6 29.Qd3 Qg3 30.Rf1 h6 31.a3 b6 32.Ka2 Ke7 33.Qxb5 Rxf3 34.Rxf3 
Qxf3 35.Qxb6 e5 36.Qc7+ Ke6 37.Qxg7 Qf4 38.Qg6+ Ke7 39.Qh7+ Kd6 40.Qg6+ 
Ke7 41.Qf5 Kd6 42.Kb1 Qe3 43.g5 d4 44.cxd4 exd4 45.gxh6 Qg1+ 46.Ka2 Qg8+ 
47.Ka1 Qc4 48.Qf4+ 1-0

[Event "zonal 1.6"]
[Site "Samara RUS"]
[Date "2000.06.24"]
[Round "8"]
[White "Ulybin, Mikhail"]
[Black "Smirnov, Pavel"]
[Result "0-1"]
[WhiteElo "2580"]
[BlackElo "2426"]
[EventDate "2000.06.03"]
[PlyCount "108"]

1.d4 Nf6 2.c4 g6 3.Nc3 Bg7 4.e4 d6 5.Nf3 O-O 6.Be2 e5 7.O-O Nc6 8.d5 Ne7 
9.Nd2 a5 10.a3 Nd7 11.Rb1 f5 12.b4 Kh8 13.Qc2 Nf6 14.Bb2 c6 15.Rbd1 axb4 
16.axb4 g5 17.c5 cxd5 18.cxd6 Qxd6 19.Nc4 Qxb4 20.exd5 Ng6 21.Ra1 Bd7 22.
Ba3 Rxa3 23.Rxa3 Nf4 24.Rb1 Qc5 25.Ra5 b5 26.Nxb5 N6xd5 27.Bf1 e4 28.Nc3 
Qc6 29.Nxd5 Nxd5 30.Rd1 Nc3 31.Rd6 Qc7 32.Qb3 e3 33.fxe3 Ne4 34.Qb6 Qc8 
35.Rd1 Be6 36.Nd6 Qc2 37.Nxe4 fxe4 38.Qb1 Qf2+ 39.Kh1 Bc3 40.Ra3 Bb2 41.
Ra7 Bb3 42.Re1 Bc3 43.Rc1 Bb2 44.Re1 Rf6 45.Ra8+ Kg7 46.Ra7+ Kh6 47.g3 Bc3
48.Qxe4 Rf5 49.Ra6+ Bf6 50.Rc1 Rc5 51.Rxf6+ Qxf6 52.Qb1 Qc6+ 53.Kg1 Rxc1 
54.Qxb3 Qa6 0-1

[Event "zonal 1.6"]
[Site "Samara RUS"]
[Date "2000.06.24"]
[Round "8"]
[White "Makarov, Marat"]
[Black "Zakharevich, Igor"]
[Result "1/2-1/2"]
[WhiteElo "2513"]
[BlackElo "2486"]
[EventDate "2000.06.03"]
[PlyCount "57"]

1.g3 g6 2.Bg2 Bg7 3.d4 c5 4.Nf3 cxd4 5.Nxd4 Nc6 6.Nb3 Nf6 7.O-O O-O 8.Nc3 
d6 9.h3 Be6 10.e4 Nd7 11.Nd5 Rc8 12.c3 b5 13.Qe2 b4 14.cxb4 Bxd5 15.exd5 
Nxb4 16.Bd2 Rb8 17.Bc3 Qb6 18.Qxe7 Ne5 19.Qg5 Nc4 20.Bxg7 Kxg7 21.h4 Ne5 
22.h5 h6 23.Qd2 Nbd3 24.Kh1 Qb4 25.Qxb4 Rxb4 26.Rad1 Nxb2 27.Rd4 Rfb8 28.
hxg6 fxg6 29.f4 1/2-1/2

[Event "zonal 1.6"]
[Site "Samara RUS"]
[Date "2000.06.24"]
[Round "8"]
[White "Ionov, Sergei"]
[Black "Sergienko, Sergei"]
[Result "1-0"]
[WhiteElo "2558"]
[BlackElo "2425"]
[EventDate "2000.06.03"]
[PlyCount "80"]

1.d4 Nf6 2.c4 c5 3.d5 e6 4.Nc3 exd5 5.cxd5 Bd6 6.Bg5 Bc7 7.Nf3 d6 8.e3 a6 
9.a4 O-O 10.Be2 Nbd7 11.O-O Re8 12.Nd2 Rb8 13.Qc2 h6 14.Bh4 Nf8 15.Nce4 
N8h7 16.Bd3 g5 17.Bg3 Nxe4 18.Nxe4 f5 19.Nc3 Qf6 20.b4 Nf8 21.h3 b6 22.b5 
a5 23.Rae1 Ng6 24.f4 gxf4 25.Bxf4 Ne5 26.Be2 Bd7 27.e4 Qg6 28.Bh2 Rf8 29.
Kh1 Rbe8 30.Qd1 Qg7 31.Bh5 Re7 32.Re3 Kh8 33.Bf4 Bd8 34.Rg3 Qh7 35.Qd2 Rf6
36.Re1 Nf7 37.Bxf7 Qxf7 38.Bxh6 f4 39.Bg7+ Kh7 40.Bxf6 Qxf6 1-0

[Event "zonal 1.6"]
[Site "Samara RUS"]
[Date "2000.06.24"]
[Round "8"]
[White "Tolstikh, Nikolai"]
[Black "Shaposhnikov, Evgeny"]
[Result "1/2-1/2"]
[WhiteElo "2419"]
[BlackElo "2503"]
[EventDate "2000.06.03"]
[PlyCount "86"]

1.c4 c5 2.Nf3 Nf6 3.Nc3 e6 4.g3 Nc6 5.Bg2 d5 6.cxd5 Nxd5 7.O-O Nc7 8.d3 
Be7 9.Be3 e5 10.Nd2 Nd4 11.Rc1 Rb8 12.Nc4 f6 13.f4 exf4 14.Bxf4 O-O 15.Nd5
Nxd5 16.Bxb8 Bg4 17.Rf2 b5 18.Bxd5+ Qxd5 19.Ne3 Qe6 20.Nxg4 Rxb8 21.e3 Nc6
22.d4 Rd8 23.Rd2 Qd5 24.Nf2 Ne5 25.e4 Qd7 26.d5 c4 27.b3 Bc5 28.bxc4 Be3 
29.Kg2 Bxd2 30.Qxd2 Nxc4 31.Qd4 f5 32.a4 a6 33.axb5 axb5 34.Rb1 fxe4 35.
Nxe4 Qxd5 36.Qxd5+ Rxd5 37.Nc3 Rd2+ 38.Kh3 Ne5 39.Ne4 Re2 40.Nc3 Rc2 41.
Nxb5 h5 42.Nd4 Rd2 43.Rb5 Rxd4 1/2-1/2

[Event "zonal 1.6"]
[Site "Samara RUS"]
[Date "2000.06.24"]
[Round "8"]
[White "Totsky, Leonid"]
[Black "Kornev, Alexei"]
[Result "1-0"]
[WhiteElo "2524"]
[BlackElo "2384"]
[EventDate "2000.06.03"]
[PlyCount "45"]

1.e4 g6 2.d4 Bg7 3.Nc3 d6 4.Be3 Nc6 5.h3 e5 6.Nge2 exd4 7.Nxd4 Nf6 8.g4 d5
9.Bg2 O-O 10.exd5 Nxd4 11.Bxd4 Re8+ 12.Be3 h5 13.gxh5 Nxh5 14.Qd2 Nf4 15.
Bf3 Nxh3 16.O-O-O Bf5 17.Bg2 Qd7 18.Rh2 b5 19.Rdh1 b4 20.Bd4 bxc3 21.Bxc3 
Qa4 22.Bxg7 Nf4 23.Rh8+ 1-0

[Event "zonal 1.6"]
[Site "Samara RUS"]
[Date "2000.06.24"]
[Round "8"]
[White "Riazantsev, Alexander"]
[Black "Khliyan, Eduard"]
[Result "1-0"]
[WhiteElo "2442"]
[BlackElo "2454"]
[EventDate "2000.06.03"]
[PlyCount "79"]

1.d4 Nf6 2.c4 e6 3.Nf3 d5 4.cxd5 exd5 5.Nc3 c6 6.Bg5 Be7 7.e3 Bf5 8.Bd3 
Bxd3 9.Qxd3 Nbd7 10.O-O O-O 11.Rab1 a5 12.Qc2 Ne8 13.Bf4 Nd6 14.Rfc1 Re8 
15.Nd2 Bf8 16.h3 Nb6 17.b3 Ndc8 18.Nf3 Ba3 19.Re1 Bd6 20.Ne5 Nd7 21.Nd3 
Bxf4 22.Nxf4 Nd6 23.Nd3 Qg5 24.Qe2 Qf5 25.Rbd1 Re7 26.Nf4 g6 27.Qg4 h5 28.
Qxf5 Nxf5 29.Ncxd5 cxd5 30.Nxd5 Kf8 31.Nxe7 Kxe7 32.e4 Nd6 33.Rc1 Nb5 34.
d5 g5 35.a4 Na7 36.Rc7 f6 37.Rxb7 Nc8 38.e5 fxe5 39.Rxe5+ Kd6 40.Rxg5 1-0

[Event "zonal 1.6"]
[Site "Samara RUS"]
[Date "2000.06.24"]
[Round "8"]
[White "Alavkin, Arseny"]
[Black "Sapunov, Evgeny"]
[Result "1/2-1/2"]
[WhiteElo "2397"]
[BlackElo "2498"]
[EventDate "2000.06.03"]
[PlyCount "107"]

1.e4 c5 2.Nf3 e6 3.c4 Nc6 4.Nc3 Nf6 5.Be2 d5 6.exd5 exd5 7.d4 Be6 8.Be3 
dxc4 9.dxc5 Ng4 10.Bd4 Qa5 11.Ng5 Rd8 12.Bxg4 Nxd4 13.Bxe6 fxe6 14.Ne4 h5 
15.O-O Bxc5 16.Qb1 Bb6 17.Nd2 Qg5 18.Nxc4 Nf3+ 19.Kh1 Nxh2 20.Kxh2 Qf4+ 
21.Kg1 Qxc4 22.Qg6+ Kf8 23.Rad1 Rxd1 24.Rxd1 Rh6 25.Qg3 Qc6 26.Rd6 Qe8 27.
Qd3 Rf6 28.Ne4 Rf5 29.Rd7 Kg8 30.Rxb7 Qc8 31.Qd7 Qxd7 32.Rxd7 Re5 33.Nc3 
Re1+ 34.Kh2 Bxf2 35.Rd2 Be3 36.Re2 Rxe2 37.Nxe2 Kf7 38.Kg3 g5 39.Kf3 Bb6 
40.Ke4 Kf6 41.b4 h4 42.a4 a6 43.a5 Bc7 44.Nc3 g4 45.b5 axb5 46.a6 Bb8 47.
Nxb5 e5 48.Nd6 h3 49.gxh3 gxh3 50.Kf3 Bxd6 51.a7 e4+ 52.Kg4 h2 53.a8=Q 
h1=Q 54.Qh8+ 1/2-1/2

[Event "zonal 1.6"]
[Site "Samara RUS"]
[Date "2000.06.24"]
[Round "8"]
[White "Belitsky, Alexander"]
[Black "Bocharov, Dmitry"]
[Result "1/2-1/2"]
[WhiteElo "2306"]
[BlackElo "2475"]
[EventDate "2000.06.03"]
[PlyCount "127"]

1.d4 Nf6 2.c4 e6 3.Nc3 Bb4 4.Nf3 b6 5.Qc2 Bb7 6.a3 Bxc3+ 7.Qxc3 Ne4 8.Qc2 
O-O 9.g3 f5 10.Bg2 Nf6 11.O-O Be4 12.Qc3 d6 13.b4 Qe8 14.Bb2 Nbd7 15.Rfd1 
Qh5 16.Rac1 Rae8 17.b5 e5 18.dxe5 Nxe5 19.Qb3 f4 20.c5+ Kh8 21.cxd6 fxg3 
22.fxg3 cxd6 23.Rxd6 Nfg4 24.h3 Bxf3 25.exf3 Ne3 26.Qxe3 Nxf3+ 27.Bxf3 
Rxf3 28.Rh6 Qf7 29.Qg5 Rf8 30.Bxg7+ Qxg7 31.Qxg7+ Kxg7 32.Rh4 Rxg3+ 33.Kh2
Rxa3 34.Rc7+ Kg6 35.Rg4+ Kf5 36.Rxh7 Ke5 37.h4 Rf2+ 38.Rg2 Rxg2+ 39.Kxg2 
Kf4 40.h5 Ra2+ 41.Kf1 Rh2 42.h6 Ke3 43.Rh8 Rf2+ 44.Kg1 Rf7 45.h7 Kf4 46.
Kg2 Kf5 47.Kf3 Kg6+ 48.Ke4 Kg7 49.Re8 Kxh7 50.Kd5 Kg6 51.Kc6 Kf6 52.Re1 
Rg7 53.Re2 Rg5 54.Rb2 Rg7 55.Re2 Rg5 56.Rb2 Re5 57.Kb7 Re7+ 58.Ka6 Rc7 59.
Re2 Kf7 60.Re1 Rd7 61.Rh1 Ke6 62.Re1+ Kf7 63.Re2 Rc7 64.Re1 1/2-1/2

[Event "zonal 1.6"]
[Site "Samara RUS"]
[Date "2000.06.24"]
[Round "8"]
[White "Sultanov, Alexander"]
[Black "Frolov, Denis"]
[Result "1/2-1/2"]
[WhiteElo "2294"]
[BlackElo "2428"]
[EventDate "2000.06.03"]
[PlyCount "64"]

1.d4 d5 2.c4 c6 3.Nf3 Nf6 4.e3 e6 5.Bd3 Nbd7 6.O-O Be7 7.Nc3 dxc4 8.Bxc4 
b5 9.Bd3 b4 10.Ne4 O-O 11.Nxf6+ Nxf6 12.e4 Bb7 13.Qe2 Nd7 14.Rd1 c5 15.Bb5
Qc7 16.Bg5 Bxg5 17.Nxg5 h6 18.Nf3 Rfd8 19.Rac1 Rac8 20.h3 Qb6 21.Bxd7 Rxd7
22.dxc5 Rxd1+ 23.Rxd1 Qxc5 24.Ne1 Qb6 25.Kh1 Rd8 26.Rxd8+ Qxd8 27.Qb5 Bxe4
28.Qxb4 Bd5 29.a3 a5 30.Qc3 a4 31.Nc2 Qh4 32.Kg1 Qe4 1/2-1/2

[Event "zonal 1.6"]
[Site "Samara RUS"]
[Date "2000.06.24"]
[Round "8"]
[White "Yashtylov, Anatoly"]
[Black "Utnasunov, Alexander"]
[Result "0-1"]
[WhiteElo "2319"]
[BlackElo "2175"]
[EventDate "2000.06.03"]
[PlyCount "92"]

1.d4 d5 2.c4 c6 3.Nc3 Nf6 4.e3 e6 5.a3 Nbd7 6.Bd3 Bd6 7.c5 Bc7 8.f4 b6 9.
b4 bxc5 10.bxc5 Ba5 11.Bd2 Bxc3 12.Bxc3 Ne4 13.Ne2 Nxc3 14.Nxc3 Qa5 15.Qc2
Ba6 16.O-O f5 17.Rfb1 O-O 18.Bxa6 Qxa6 19.Na2 Rfc8 20.Nb4 Qa5 21.Qd3 g6 
22.Rb2 Rab8 23.Rab1 Kf7 24.Qa6 Qc7 25.Qf1 Qa5 26.Nxc6 Rxc6 27.Rxb8 Nxb8 
28.Rxb8 Qxa3 29.Kf2 Qa5 30.Qb1 Rc7 31.Rh8 Kg7 32.Qb8 Kh6 33.Kf3 Rg7 34.Qf8
Qe1 35.Rg8 Qf1+ 36.Kg3 Qe1+ 37.Kh3 Kh5 38.Qf6 g5 39.g4+ fxg4+ 40.Kg2 Qe2+ 
41.Kg1 Qxe3+ 42.Kf1 Rxg8 43.Qf7+ Rg6 44.Qxh7+ Rh6 45.Qf7+ Kh4 46.fxg5 Qxg5
0-1

[Event "zonal 1.6"]
[Site "Samara RUS"]
[Date "2000.06.25"]
[Round "9"]
[White "Kharlov, Andrei"]
[Black "Volkov, Sergei"]
[Result "1/2-1/2"]
[WhiteElo "2616"]
[BlackElo "2582"]
[EventDate "2000.06.03"]
[PlyCount "74"]

1.c4 Nf6 2.Nc3 c6 3.e4 e5 4.Nf3 Qa5 5.a3 Bc5 6.Be2 d6 7.O-O Qc7 8.Rb1 Bg4 
9.b4 Bb6 10.d3 Bxf3 11.Bxf3 Nbd7 12.Ne2 O-O 13.Bb2 Rfe8 14.Qc2 c5 15.g3 
Nf8 16.Bg2 Ne6 17.Kh1 a6 18.Qd2 Ba7 19.f4 b5 20.fxe5 dxe5 21.cxb5 axb5 22.
Nc3 Qc6 23.Nd5 Nd7 24.Rbc1 Qd6 25.Bf3 cxb4 26.axb4 Bd4 27.Bh5 g6 28.Bxd4 
exd4 29.Bg4 Rec8 30.Rxc8+ Rxc8 31.Qa2 Ne5 32.Qa7 Nxg4 33.Ne7+ Kh8 34.Nxc8 
Qc6 35.h3 Ne3 36.Qxf7 Qxc8 37.Qf6+ Kg8 1/2-1/2

[Event "zonal 1.6"]
[Site "Samara RUS"]
[Date "2000.06.25"]
[Round "9"]
[White "Scherbakov, Ruslan"]
[Black "Tregubov, Pavel"]
[Result "1/2-1/2"]
[WhiteElo "2552"]
[BlackElo "2615"]
[EventDate "2000.06.03"]
[PlyCount "82"]

1.d4 d5 2.c4 e6 3.Nc3 Be7 4.cxd5 exd5 5.Bf4 c6 6.e3 Bd6 7.Bg3 Ne7 8.Nf3 
O-O 9.Ne5 Nf5 10.Bd3 Qe7 11.Qd2 Be6 12.O-O-O Nd7 13.Kb1 Rfd8 14.Qc2 g6 15.
Nxd7 Rxd7 16.Bxd6 Nxd6 17.f3 Nc4 18.Bxc4 dxc4 19.h4 Rad8 20.h5 c5 21.hxg6 
fxg6 22.d5 Bxd5 23.Nxd5 Rxd5 24.Rxd5 Rxd5 25.Qxc4 Qf7 26.Qc2 b6 27.Rd1 Kf8
28.e4 Rxd1+ 29.Qxd1 Ke7 30.Qd2 Qc4 31.b3 Qe6 32.Qh6 Qf7 33.f4 Kd6 34.Kc2 
Qe7 35.Kd3 Kc6 36.f5 Qd6+ 37.Ke2 Qg3 38.Qxh7 Qxg2+ 39.Ke3 Qg3+ 40.Ke2 Qg2+
41.Ke3 Qg3+ 1/2-1/2

[Event "zonal 1.6"]
[Site "Samara RUS"]
[Date "2000.06.25"]
[Round "9"]
[White "Voitsekhovsky, Stanislav"]
[Black "Kobalia, Mikhail"]
[Result "0-1"]
[WhiteElo "2546"]
[BlackElo "2593"]
[EventDate "2000.06.03"]
[PlyCount "70"]

1.e4 c5 2.Nf3 e6 3.d4 cxd4 4.Nxd4 a6 5.Bd3 Bc5 6.Nb3 Ba7 7.Qe2 Ne7 8.Be3 
Nbc6 9.f4 d6 10.N1d2 O-O 11.O-O Nb4 12.Bxa7 Rxa7 13.Rf3 b6 14.Rd1 Rd7 15.
f5 exf5 16.exf5 Ned5 17.Ne4 Nf6 18.c3 Nxd3 19.Rfxd3 Nxe4 20.Qxe4 Re8 21.
Qf4 Bb7 22.Rxd6 Rxd6 23.Rxd6 Re1+ 24.Kf2 Qe7 25.Rd2 h6 26.Nd4 Rg1 27.Kg3 
Qe1+ 28.Kh3 Kh7 29.Re2 Qd1 30.Qd2 Qb1 31.Qe3 Rd1 32.Qf4 Rd3+ 33.Kh4 Qg1 
34.Qf2 Qc1 35.Nf3 Bxf3 0-1

[Event "zonal 1.6"]
[Site "Samara RUS"]
[Date "2000.06.25"]
[Round "9"]
[White "Aseev, Konstantin"]
[Black "Dvoirys, Semen"]
[Result "1-0"]
[WhiteElo "2517"]
[BlackElo "2591"]
[EventDate "2000.06.03"]
[PlyCount "60"]

1.Nf3 c5 2.g3 Nc6 3.c4 g6 4.Bg2 Bg7 5.Nc3 e6 6.e3 Nge7 7.d4 cxd4 8.Nxd4 
O-O 9.O-O Qb6 10.Nde2 Qc5 11.b3 d5 12.Bb2 dxc4 13.Ne4 Qb4 14.Bxg7 Kxg7 15.
bxc4 Qxc4 16.Nd6 Qc5 17.Qd2 Nd5 18.Nxb7 Bxb7 19.Qb2+ Kg8 20.Qxb7 Rab8 21.
Qa6 Ncb4 22.Qa3 a5 23.Rfc1 Qa7 24.Nd4 Rfc8 25.Bxd5 exd5 26.Qa4 Qa6 27.a3 
Rxc1+ 28.Rxc1 Nd3 29.Rf1 Rb2 30.Qd7 Qa8 1-0

[Event "zonal 1.6"]
[Site "Samara RUS"]
[Date "2000.06.25"]
[Round "9"]
[White "Fominykh, Alexander"]
[Black "Rustemov, Alexander"]
[Result "0-1"]
[WhiteElo "2551"]
[BlackElo "2553"]
[EventDate "2000.06.03"]
[PlyCount "49"]

1.c4 c6 2.Nf3 d5 3.d4 Nf6 4.e3 a6 5.a4 Bf5 6.Nc3 e6 7.Nh4 Be4 8.f3 Bg6 9.
Qb3 Qc7 10.Bd2 Nbd7 11.cxd5 exd5 12.e4 dxe4 13.Nxg6 hxg6 14.fxe4 c5 15.Bc4
O-O-O 16.Bxf7 Rxh2 17.Rxh2 Qg3+ 18.Kd1 Qxh2 19.Rc1 Qxg2 20.Qe6 Kb8 21.d5 
Ng4 22.Bf4+ Ka8 23.Ne2 Nf2+ 24.Kc2 Qf3 25.Re1 0-1

[Event "zonal 1.6"]
[Site "Samara RUS"]
[Date "2000.06.25"]
[Round "9"]
[White "Lastin, Alexander"]
[Black "Bezgodov, Alexei"]
[Result "1/2-1/2"]
[WhiteElo "2510"]
[BlackElo "2576"]
[EventDate "2000.06.03"]
[PlyCount "66"]

1.e4 e5 2.Nf3 Nc6 3.d4 exd4 4.Nxd4 Bc5 5.Nxc6 Qf6 6.Qd2 dxc6 7.Nc3 Be6 8.
Na4 Rd8 9.Bd3 Bd4 10.O-O b5 11.c3 bxa4 12.cxd4 Qxd4 13.Qg5 Nf6 14.Be3 Qxd3
15.Qxg7 Rg8 16.Qxf6 Rd6 17.Qf3 f5 18.Qh5+ Kd7 19.Rae1 Qxe4 20.f3 Qe5 21.
Bxa7 Qxb2 22.Rf2 Qg7 23.Qh4 Bd5 24.Bd4 Rh6 25.Qf4 Qg5 26.Qxg5 Rxg5 27.Rb1 
Re6 28.Rd2 Rg8 29.Kf2 Reg6 30.g3 f4 31.Be5 fxg3+ 32.hxg3 Rh6 33.Kg2 Rh5 
1/2-1/2

[Event "zonal 1.6"]
[Site "Samara RUS"]
[Date "2000.06.25"]
[Round "9"]
[White "Ikonnikov, Viacheslav"]
[Black "Popov, Valery"]
[Result "1-0"]
[WhiteElo "2550"]
[BlackElo "2534"]
[EventDate "2000.06.03"]
[PlyCount "79"]

1.d4 d5 2.Nf3 c6 3.c4 Nf6 4.Nc3 dxc4 5.a4 Bf5 6.e3 e6 7.Bxc4 Bb4 8.O-O 
Nbd7 9.Bd2 O-O 10.Ne4 Bxd2 11.Nexd2 c5 12.a5 Rc8 13.a6 b6 14.Bb5 Qe7 15.
Qa4 Rfd8 16.Rfe1 Bg6 17.Nc4 Be4 18.Nfe5 cxd4 19.exd4 Nf8 20.Nd2 Bd5 21.
Rac1 Ng6 22.Nxg6 hxg6 23.Rc3 Ng4 24.Rg3 Nh6 25.Nf1 Nf5 26.Rd3 Qg5 27.Ng3 
Nd6 28.Rde3 Nxb5 29.Qxb5 Qe7 30.Ne2 Qg5 31.g3 Qf6 32.b3 g5 33.Qd3 g6 34.
Qd2 Kg7 35.Rc1 Qf5 36.Nc3 Bxb3 37.f3 Rc4 38.Ne2 Qa5 39.Qxa5 bxa5 40.Rxb3 
1-0

[Event "zonal 1.6"]
[Site "Samara RUS"]
[Date "2000.06.25"]
[Round "9"]
[White "Dolmatov, Sergei"]
[Black "Maliutin, Evgeny"]
[Result "1/2-1/2"]
[WhiteElo "2615"]
[BlackElo "2451"]
[EventDate "2000.06.03"]
[PlyCount "133"]

1.e4 d5 2.exd5 Nf6 3.d4 Nxd5 4.Nf3 g6 5.c4 Nb6 6.Be2 Bg7 7.O-O O-O 8.Nc3 
Bg4 9.h3 Bxf3 10.Bxf3 Nc6 11.c5 Nc4 12.Bd5 N4a5 13.Bxc6 Nxc6 14.d5 Nd4 15.
Be3 e5 16.Qd3 Qe7 17.Qc4 Rfd8 18.Rad1 c6 19.d6 Qe6 20.Qxe6 Nxe6 21.b4 f5 
22.f3 a5 23.b5 e4 24.bxc6 Bxc3 25.cxb7 Ra6 26.Rb1 Rb8 27.Rfc1 Be5 28.f4 
Bd4 29.Bxd4 Nxd4 30.Rc4 Nc6 31.Rb6 Rxb6 32.cxb6 Nd8 33.Rc8 Rxb7 34.Rxd8+ 
Kf7 35.Rc8 Ke6 36.Rc6 Kd5 37.d7 Rxd7 38.Rc7 Kd6 39.Ra7 Kc6 40.Rxa5 Kxb6 
41.Re5 Rd1+ 42.Kf2 Rd2+ 43.Kf1 Rxa2 44.g4 Ra5 45.Re7 Kc5 46.Rxh7 Kd4 47.
Kf2 Ra2+ 48.Kg3 e3 49.Rd7+ Ke4 50.Rd6 Ra1 51.Re6+ Kd3 52.Rd6+ Ke2 53.Rxg6 
Rg1+ 54.Kh2 Kf2 55.gxf5 Rd1 56.f6 e2 57.Rg2+ Kf3 58.Rxe2 Kxe2 59.Kg3 Rd6 
60.Kg4 Rxf6 61.h4 Ke3 62.Kg5 Ra6 63.h5 Ra5+ 64.f5 Ke4 65.h6 Rxf5+ 66.Kg6 
Ra5 67.h7 1/2-1/2

[Event "zonal 1.6"]
[Site "Samara RUS"]
[Date "2000.06.25"]
[Round "9"]
[White "Balashov, Yury"]
[Black "Makarov, Marat"]
[Result "1-0"]
[WhiteElo "2534"]
[BlackElo "2513"]
[EventDate "2000.06.03"]
[PlyCount "83"]

1.e4 e5 2.Nf3 Nc6 3.Bb5 a6 4.Ba4 Nf6 5.O-O b5 6.Bb3 Bc5 7.a4 Bb7 8.d3 d6 
9.Bg5 h6 10.Bxf6 Qxf6 11.axb5 axb5 12.Rxa8+ Bxa8 13.Nc3 Na7 14.Nd5 Bxd5 
15.Bxd5 O-O 16.c3 c6 17.Bb3 Nc8 18.d4 Bb6 19.Qd3 Ne7 20.d5 cxd5 21.Bxd5 
Rb8 22.Rd1 Ng6 23.g3 Nf8 24.Kg2 b4 25.cxb4 Nh7 26.h4 Qe7 27.Rc1 Nf6 28.Rc6
Ng4 29.Qa6 Qd8 30.Rc2 g6 31.Rd2 Kg7 32.Bc6 Qc7 33.b5 Bc5 34.Ne1 f5 35.Nd3 
Bd4 36.Nf4 Qe7 37.Ne6+ Qxe6 38.Rxd4 Rf8 39.Rd2 fxe4 40.Bxe4 Qc4 41.Qc6 Qb4
42.Rxd6 1-0

[Event "zonal 1.6"]
[Site "Samara RUS"]
[Date "2000.06.25"]
[Round "9"]
[White "Smikovsky, Ivan"]
[Black "Volzhin, Alexander"]
[Result "1/2-1/2"]
[WhiteElo "2492"]
[BlackElo "2548"]
[EventDate "2000.06.03"]
[PlyCount "57"]

1.e4 c6 2.d4 d5 3.Nc3 dxe4 4.Nxe4 Bf5 5.Ng3 Bg6 6.h4 h6 7.Nf3 Nd7 8.h5 Bh7
9.Bd3 Bxd3 10.Qxd3 Ngf6 11.Bf4 Qa5+ 12.Bd2 Qc7 13.O-O-O e6 14.Qe2 c5 15.
Rh4 Be7 16.dxc5 Nxc5 17.Rc4 b5 18.Rd4 Qb7 19.Ne5 O-O 20.f3 Rfc8 21.Kb1 a5 
22.Ng4 b4 23.Nxf6+ Bxf6 24.Rc4 Na4 25.Ne4 Be7 26.Bc1 Rxc4 27.Qxc4 Rc8 28.
Qd3 Qc6 29.g4 1/2-1/2

[Event "zonal 1.6"]
[Site "Samara RUS"]
[Date "2000.06.25"]
[Round "9"]
[White "Zakharevich, Igor"]
[Black "Ivanov, Sergei"]
[Result "1/2-1/2"]
[WhiteElo "2486"]
[BlackElo "2543"]
[EventDate "2000.06.03"]
[PlyCount "136"]

1.d4 d5 2.Nf3 Nf6 3.c4 c6 4.Nc3 e6 5.Bg5 dxc4 6.e4 b5 7.e5 h6 8.Bh4 g5 9.
Nxg5 hxg5 10.Bxg5 Nbd7 11.exf6 Bb7 12.g3 c5 13.d5 Qb6 14.Bg2 O-O-O 15.O-O 
b4 16.Na4 Qa6 17.a3 Bxd5 18.Bxd5 Ne5 19.axb4 Rxd5 20.Qe2 cxb4 21.Nc3 Ra5 
22.Rxa5 Qxa5 23.Ne4 Nd3 24.Rd1 Qe5 25.Rxd3 cxd3 26.Qxd3 Qd5 27.Qa6+ Kb8 
28.Qe2 Kb7 29.Bf4 e5 30.Bd2 a5 31.b3 Bh6 32.Bxh6 Rxh6 33.h4 Rh8 34.h5 Rd8 
35.Kh2 Kb6 36.Qc2 a4 37.bxa4 b3 38.a5+ Kxa5 39.Qc7+ Kb4 40.Qc3+ Kb5 41.Qe3
Qc4 42.Nd2 Qd3 43.Nxb3 Qxe3 44.fxe3 Rd6 45.g4 Rxf6 46.Kg3 Kc4 47.Nd2+ Kd3 
48.g5 Re6 49.Nf1 Ke2 50.Nh2 Kxe3 51.Kg4 Ke4 52.Nf1 Ra6 53.Ng3+ Kd5 54.h6 
e4 55.h7 Ra8 56.Kf5 e3 57.Kf6 Rh8 58.Kg7 Rxh7+ 59.Kxh7 Ke5 60.Ne2 Kf5 61.
Kh6 Kg4 62.Nd4 Kf4 63.Kh5 Ke4 64.Ne2 Kf3 65.Nd4+ Ke4 66.Nc2 Kd3 67.Ne1+ 
Ke2 68.Ng2 Kf3 1/2-1/2

[Event "zonal 1.6"]
[Site "Samara RUS"]
[Date "2000.06.25"]
[Round "9"]
[White "Totsky, Leonid"]
[Black "Meister, Yakov"]
[Result "0-1"]
[WhiteElo "2524"]
[BlackElo "2473"]
[EventDate "2000.06.03"]
[PlyCount "70"]

1.e4 g6 2.d4 Bg7 3.Nc3 c5 4.dxc5 Qa5 5.Bd2 Qxc5 6.Nd5 b6 7.Bf4 Bxb2 8.Bd3 
Na6 9.Rb1 Bc3+ 10.Kf1 Bg7 11.Qe2 e6 12.Nf3 exd5 13.exd5+ Qe7 14.Bxa6 Qxe2+
15.Bxe2 Nf6 16.Bd6 Ne4 17.Ba3 Nc5 18.Nd2 d6 19.Bb5+ Kd8 20.Nb3 Bd7 21.Nxc5
dxc5 22.Bxd7 Kxd7 23.Ke2 Rhe8+ 24.Kd3 c4+ 25.Kxc4 Rac8+ 26.Kb5 Rxc2 27.
Rhe1 Ree2 28.Bb4 Rxa2 29.Rbc1 Rxe1 30.Rxe1 Bf6 31.Rc1 Rxf2 32.g4 Rf4 33.
Ba3 Bd8 34.h3 a6+ 35.Kxa6 Ra4+ 0-1

[Event "zonal 1.6"]
[Site "Samara RUS"]
[Date "2000.06.25"]
[Round "9"]
[White "Rashkovsky, Nukhim"]
[Black "Kosyrev, Vladimir"]
[Result "0-1"]
[WhiteElo "2523"]
[BlackElo "2474"]
[EventDate "2000.06.03"]
[PlyCount "80"]

1.d4 e6 2.Nf3 d5 3.c4 Nf6 4.g3 Be7 5.Bg2 O-O 6.O-O c6 7.Qc2 b6 8.Rd1 Bb7 
9.Nc3 Nbd7 10.e4 Rc8 11.e5 Ne8 12.h4 h6 13.cxd5 cxd5 14.Qe2 Nc7 15.Nh2 Ba6
16.Qg4 Kh7 17.Be3 Nb5 18.Nxd5 exd5 19.Qf5+ Kh8 20.Bxd5 Nc7 21.Be4 g6 22.
Qf4 h5 23.d5 Kg8 24.e6 Nc5 25.Bc2 Nxd5 26.exf7+ Rxf7 27.Qe5 Bb7 28.Bxg6 
Rg7 29.Bxc5 Rxc5 30.Be4 Qa8 31.Qe6+ Kf8 32.Qf5+ Nf6 33.Bxb7 Qxb7 34.Qe6 
Rc2 35.Nf1 Qe4 36.Re1 Qxe6 37.Rxe6 Ng4 38.Ne3 Nxe3 39.Rxe3 Bc5 40.Rf3+ Rf7
0-1

[Event "zonal 1.6"]
[Site "Samara RUS"]
[Date "2000.06.25"]
[Round "9"]
[White "Varavin, Viktor"]
[Black "Ionov, Sergei"]
[Result "1/2-1/2"]
[WhiteElo "2410"]
[BlackElo "2558"]
[EventDate "2000.06.03"]
[PlyCount "33"]

1.e4 c5 2.Nf3 d6 3.d4 cxd4 4.Nxd4 Nf6 5.Nc3 Nc6 6.Bg5 e6 7.Qd2 Be7 8.O-O-O
O-O 9.f4 Nxd4 10.Qxd4 Qa5 11.Bc4 Bd7 12.e5 dxe5 13.Qxe5 Qb6 14.f5 Ng4 15.
Qf4 Bxg5 16.Qxg5 Nf6 17.fxe6 1/2-1/2

[Event "zonal 1.6"]
[Site "Samara RUS"]
[Date "2000.06.25"]
[Round "9"]
[White "Sergienko, Sergei"]
[Black "Grechikhin, Valery"]
[Result "1-0"]
[WhiteElo "2425"]
[BlackElo "2521"]
[EventDate "2000.06.03"]
[PlyCount "73"]

1.d4 Nf6 2.c4 g6 3.Nc3 d5 4.cxd5 Nxd5 5.Bd2 Bg7 6.e4 Nb6 7.Be3 O-O 8.Be2 
Nc6 9.Nf3 Bg4 10.d5 Na5 11.Bd4 Bxf3 12.Bxf3 c6 13.Bxg7 Kxg7 14.O-O cxd5 
15.exd5 Nac4 16.Re1 Rc8 17.Qe2 Re8 18.Rad1 Nd6 19.Qd3 Nbc4 20.b3 Nb6 21.h4
h5 22.g4 hxg4 23.Bxg4 Nd7 24.Qd4+ Kh7 25.Rd3 f5 26.Bf3 Nf6 27.Rde3 Rc7 28.
Ne2 Nf7 29.Re6 Rd7 30.Nf4 g5 31.Nh5 Nxh5 32.Bxh5 Rxd5 33.Qe3 Rd3 34.Qe2 
Rf8 35.Bg6+ Kg7 36.Bxf5 Rd2 37.Rg6+ 1-0

[Event "zonal 1.6"]
[Site "Samara RUS"]
[Date "2000.06.25"]
[Round "9"]
[White "Smirnov, Pavel"]
[Black "Lugovoi, Alexei"]
[Result "0-1"]
[WhiteElo "2426"]
[BlackElo "2515"]
[EventDate "2000.06.03"]
[PlyCount "90"]

1.e4 c5 2.c3 d5 3.exd5 Qxd5 4.d4 Nf6 5.Nf3 e6 6.Be2 cxd4 7.cxd4 Nc6 8.O-O 
Be7 9.Nc3 Qd6 10.Nb5 Qd8 11.Bf4 Nd5 12.Bg3 a6 13.Nc3 O-O 14.Rc1 Nf6 15.a3 
b6 16.Bc4 Bb7 17.Ba2 Nh5 18.d5 exd5 19.Nxd5 Nxg3 20.hxg3 Bf6 21.Re1 Rc8 
22.b4 g6 23.Qd2 Kg7 24.Kh1 Na7 25.g4 h6 26.Nxf6 Qxf6 27.Rxc8 Nxc8 28.g5 
hxg5 29.Ne5 Qf4 30.Qc3 Rh8+ 31.Kg1 Qh2+ 32.Kf1 Qxg2+ 33.Ke2 Re8 34.Kd2 
Qxf2+ 35.Re2 Qf4+ 36.Ke1 f6 37.Qc7+ Re7 38.Qd8 fxe5 39.Rf2 Qe4+ 40.Kf1 
Qh1+ 41.Ke2 Qh8 42.Qd2 Qh4 43.Ke1 Qh1+ 44.Ke2 Qe4+ 45.Kf1 Qd4 0-1